[Event "Metalmex Open"]
[Site "Liberec CZE"]
[Date "2011.08.13"]
[Round "1.7"]
[White "Sroubova,Lenka"]
[Black "Kaderabek,J"]
[Result "0-1"]
[WhiteElo "1804"]
[BlackElo "2205"]

1.Nf3 d5 2.g3 c6 3.Bg2 Nf6 4.O-O Bf5 5.d3 Nbd7 6.Nbd2 e5 7.Qe1 Bc5 8.e4 dxe4
9.Nxe4 Nxe4 10.dxe4 Be6 11.Qe2 f6 12.Be3 Qb6 13.Bxc5 Nxc5 14.c3 Rd8 15.Rfd1 O-O
16.b3 Rxd1+ 17.Rxd1 Rd8 18.Ne1 Kf7 19.Nd3 Ke7 20.Nxc5 Rxd1+ 21.Qxd1 Qxc5
22.Kf1 Qxc3 23.f3 a5 24.Ke2 a4 25.bxa4 Bxa2 26.Qd2 Bc4+ 27.Ke1 Qa1+ 28.Kf2 Qxa4
29.Bh3 Qa2 30.Ke3 Qxd2+ 31.Kxd2 Kd6 32.Kc3 Kc5 33.f4 b5 34.Bg4 b4+ 35.Kb2 Kd4
36.Bd7 c5 37.Ba4 Bd3 38.fxe5 fxe5 39.Bd1 Kxe4  0-1

[Event "CECLUB Div2 Gp1"]
[Site "Padron ESP"]
[Date "2011.08.13"]
[Round "5"]
[White "Garcia Castro,P"]
[Black "Dziuba,M"]
[Result "1/2-1/2"]
[WhiteElo "2399"]
[BlackElo "2593"]

1.g3 d5 2.Nf3 Nf6 3.Bg2 c6 4.O-O Bg4 5.d4 e6 6.Nbd2 Nbd7 7.Re1 Be7 8.e4 O-O
9.e5 Ne8 10.c3 a5 11.a4 Nc7 12.Nb3 b5 13.h3 Bh5 14.axb5 Nxb5 15.Bd2 a4 16.Nc1 Nb6
17.Nd3 Nc4 18.Ra2 Bg6 19.Qe2 Qb6 20.Rea1 Ra7 21.Nfe1 h6 22.Rxa4 Rxa4 23.Rxa4 c5
24.dxc5 Bxc5 25.Nxc5 Qxc5 26.Bf4 Rb8 27.Bf1 Qc6 28.Rb4 Ra8 29.Qd1 Ra2 30.Qc1 Qa6
31.Nc2 Qc6 32.Rxc4 dxc4 33.Nb4 Qa8 34.Nxa2 Qxa2 35.Be3 Nc7 36.Bg2 Nd5 37.Bxd5 exd5
38.f3 Bd3 39.Kf2 Qa6 40.Bd4 Qg6 41.g4 h5 42.Qe3 hxg4 43.hxg4 Qh7 44.Kg2 Qg6
45.Kf2 Qh7 46.Kg2 Qg6 47.Kf2  1/2-1/2

[Event "Split Open"]
[Site "Split CRO"]
[Date "2011.08.13"]
[Round "9.9"]
[White "Bilobrk,F"]
[Black "Bontempi,P"]
[Result "1-0"]
[WhiteElo "2374"]
[BlackElo "2325"]

1.Nf3 d5 2.g3 Bf5 3.Bg2 e6 4.O-O Nf6 5.d3 h6 6.Nbd2 Be7 7.Qe1 O-O 8.e4 Bh7
9.Qe2 c5 10.Re1 Nc6 11.e5 Nd7 12.h3 Nb4 13.Qd1 b5 14.a3 Nc6 15.Nf1 Qc7 16.Qe2 Rfc8
17.Bf4 Qb6 18.Rad1 Nd4 19.Nxd4 cxd4 20.Rc1 Rc6 21.Nh2 Rac8 22.Qd1 Qc7 23.Bxd5 exd5
24.e6 Qb7 25.exd7 Qxd7 26.Nf3 Bf6 27.g4 Bg6 28.Kg2 Qb7 29.Qd2 Bh7 30.Kh2 Qb6
31.Re2 a5 32.Rce1 g5 33.Re8+ Rxe8 34.Rxe8+ Kg7 35.Bg3 b4 36.Rb8 Qc5 37.axb4 axb4
38.Ne1 Be7 39.Kg2 Re6 40.Rb7 Bg6 41.Nf3 f6 42.Qd1 Kf8 43.Nd2 f5 44.Nb3 Qc6
45.Rb8+ Kf7 46.Nxd4 Qa6 47.gxf5  1-0

[Event "e2e4 Int Masters B"]
[Site "Sunningdale ENG"]
[Date "2011.08.13"]
[Round "6"]
[White "Ghasi,A"]
[Black "Longson,A"]
[Result "1-0"]
[WhiteElo "2367"]
[BlackElo "2237"]

1.Nf3 d5 2.g3 Nf6 3.Bg2 c5 4.O-O Nc6 5.d3 e5 6.Bg5 Be7 7.a3 O-O 8.Nfd2 Be6
9.Nc3 d4 10.Bxf6 Bxf6 11.Na4 Qa5 12.c3 dxc3 13.bxc3 Be7 14.Rb1 Qc7 15.c4 Qd7
16.Nc3 Rac8 17.Nd5 Bd6 18.Qa4 Kh8 19.Ne4 Be7 20.Nec3 Rfd8 21.Rb2 b6 22.Nxe7 Nxe7
23.Qxd7 Bxd7 24.a4 Nc6 25.Nb5 Rb8 26.Ra1 a5 27.Bd5 Kg8 28.Bxc6 Bxc6 29.Na7 Be8
30.Rab1 Bxa4 31.Rxb6 Rxb6 32.Rxb6 Be8 33.Ra6 a4 34.Nb5 Bxb5 35.cxb5 Rb8 36.Rxa4 Kf8
37.Ra5 Ke7 38.b6 Rxb6 39.Rxc5 Ke6 40.Kg2 h5 41.Rc8 g6 42.Kf3 Rb4 43.Rc6+ Ke7
44.Ra6 h4 45.Rc6 hxg3 46.hxg3 Ra4 47.g4 Rf4+ 48.Kg3 Ra4 49.f3 Rb4 50.Kf2 Ra4
51.Ke3 Ra2 52.Rb6 Rc2 53.Rb7+ Ke6 54.Ra7 Rb2 55.Ra4 Rc2 56.Rc4 Ra2 57.f4 exf4+
58.Rxf4 Ra1 59.Rb4 Rg1 60.Rb6+ Ke7 61.Kf4 f6 62.Rc6 Kf7 63.Ke4 Ra1 64.Rc7+ Ke6
65.Rc6+ Kf7 66.Kd5 g5 67.e3 Ra3 68.Ke4 Ra1 69.Kd5 Ra3 70.Kd4 Ra1 71.Ke4 Rg1
72.Kf3 Rf1+ 73.Kg2 Re1 74.Kf2 Rd1 75.d4 Ke7 76.Ra6 Kf7 77.Kf3 Kg6 78.Ra2 Rf1+
79.Rf2 Rd1 80.Rg2 Kf7 81.Ke2 Ra1 82.Kd3 Ke6 83.Ke4 Rd1 84.Rb2 Rg1 85.d5+ Kd6
86.Rb6+ Ke7 87.Rb7+ Kd6 88.Rb6+ Ke7 89.Kf5 Rf1+ 90.Kg6 Rf3 91.e4 Rf4 92.Re6+ Kd7
93.Kg7 Kc7 94.Kg6 Kd7 95.Rxf6 Rxg4 96.Re6 Rg1 97.Kf5 g4 98.Rg6 g3 99.Kf4 g2
100.Kf3 Rf1+ 101.Kxg2 Rf4 102.Re6 Rf8 103.Kg3 Rf1 104.Kg4 Rf2 105.Kg5 Rf1
106.Rf6 Rg1+ 107.Kf5  1-0

[Event "CECLUB Div2 Gp2"]
[Site "Totana ESP"]
[Date "2011.08.13"]
[Round "5"]
[White "Vassallo Barroche,M"]
[Black "Rubio Mejia,L"]
[Result "1/2-1/2"]
[WhiteElo "2416"]
[BlackElo "2417"]

1.Nf3 d5 2.g3 Nf6 3.Bg2 c6 4.O-O Bg4 5.d4 Nbd7 6.Nbd2 e6 7.c3 Bd6 8.Re1 O-O
9.e4 dxe4 10.Nxe4 Nxe4 11.Rxe4 Nf6 12.Re1 a5 13.Qb3 Qc7 14.a4 Bxf3 15.Bxf3 Rfe8
16.Bg5 Nd5 17.Rad1 Be7 18.Bxe7 Rxe7 19.Re5 Rd8 20.Rde1 Nf6 21.h4 Rde8 22.R5e3 Nd5
23.R3e2 h6 24.Be4 Nf6 25.Bg2 g6 26.Re5 Ng4 27.R5e4 Nf6 28.R4e2 Kg7 29.Bf3 h5
30.Re5 Nd7 31.R5e3 Nf6 32.Kg2 Nd7 33.Qd1 Kf8 34.Qd2 e5 35.d5 cxd5 36.Bxd5 Nf6
37.c4 Kg7 38.Qc3 b6 39.Kg1 Ng4 40.R3e2 Nf6 41.Re3 Ng4 42.R3e2 Nf6  1/2-1/2

[Event "12th Miquel Mas Open"]
[Site "Figueres ESP"]
[Date "2011.08.14"]
[Round "5.6"]
[White "Oms Pallisse,J"]
[Black "Balague Camps,M"]
[Result "1-0"]
[WhiteElo "2489"]
[BlackElo "2119"]

1.Nf3 d5 2.g3 Nf6 3.Bg2 g6 4.O-O Bg7 5.d4 O-O 6.c4 c6 7.b3 b5 8.Nc3 a6 9.Ne5 Bb7
10.e4 dxe4 11.Nxe4 Nxe4 12.Bxe4 Ra7 13.Ba3 Qc7 14.Bc5 Ra8 15.Re1 Rd8 16.Qf3 f6
17.Nxg6 hxg6 18.Bxg6 e5 19.Qh5 Rd6 20.Qh7+ Kf8 21.dxe5  1-0

[Event "27th Faaker See Open"]
[Site "Latschach AUT"]
[Date "2011.08.14"]
[Round "3"]
[White "Kern,G"]
[Black "Fiorido,G"]
[Result "1-0"]
[WhiteElo "2363"]
[BlackElo "2124"]

1.Nf3 d5 2.g3 Nf6 3.Bg2 e6 4.c4 Be7 5.d4 O-O 6.Qc2 Nbd7 7.O-O Re8 8.b3 c6
9.Rd1 Bd6 10.Nc3 Qc7 11.c5 Be7 12.Bf4 Qd8 13.b4 Nh5 14.Bd2 g6 15.e4 dxe4
16.Nxe4 Ndf6 17.Neg5 Nd5 18.h4 f6 19.Nh3 Qc7 20.Re1 Bd7 21.a3 Bf8 22.Re2 e5
23.dxe5 fxe5 24.Nhg5 Bf5 25.Qc4 h6 26.Ne4 Bxe4 27.Qxe4 Kh7 28.Nxe5 Qg7 29.Rae1 Re7
30.Qd3 Rae8 31.Nxg6 Qxg6 32.Rxe7+  1-0

[Event "e2e4 Int Masters B"]
[Site "Sunningdale ENG"]
[Date "2011.08.14"]
[Round "8"]
[White "Ghasi,A"]
[Black "Rausis,I"]
[Result "1-0"]
[WhiteElo "2367"]
[BlackElo "2510"]

1.Nf3 d5 2.g3 c6 3.Bg2 Bg4 4.O-O Nd7 5.d3 e6 6.e4 Bd6 7.h3 Bh5 8.Nbd2 Ne7
9.Qe1 O-O 10.b3 a5 11.a3 Kh8 12.Bb2 b5 13.Nh4 f6 14.f4 Qb6+ 15.Kh1 Rae8 16.Ndf3 e5
17.g4 Bf7 18.f5 c5 19.Bc1 c4 20.bxc4 dxe4 21.dxe4 Bxc4 22.Be3 Bc5 23.Bxc5 Nxc5
24.Rg1 g5 25.fxg6 hxg6 26.g5 fxg5 27.Nxg5 Rf4 28.Nhf3 Ng8 29.Qe3 Nd7 30.Qd2 Qc7
31.Rad1 Ndf6 32.Qe3 Nh7 33.Nxh7 Kxh7 34.Rd2 Nf6 35.Rgd1 Kh6 36.Rd6 Qe7 37.Nh2 Be6
38.Rb6 Bd7 39.Rxf6 Qxf6 40.Rxd7 Qe6 41.Ng4+ Kg5 42.Rd5 Qc6 43.Nxe5  1-0

[Event "29th World Junior Girls"]
[Site "Chennai IND"]
[Date "2011.08.15"]
[Round "13"]
[White "Hansen,Erl"]
[Black "Narenthran,Savithri"]
[Result "1/2-1/2"]
[WhiteElo "1770"]
[BlackElo "1693"]

1.Nf3 d5 2.g3 Nf6 3.Bg2 Bf5 4.b3 h6 5.Bb2 e6 6.O-O Be7 7.c4 c6 8.d4 O-O 9.Nc3 Ne4
10.Nd2 Nxc3 11.Bxc3 Nd7 12.Re1 Nf6 13.Bb2 Qb6 14.e3 Rfd8 15.h3 Bb4 16.a3 Bxd2
17.Qxd2 Qxb3 18.c5 Qc2 19.Qb4 Ne4 20.Rf1 Qd2 21.Ra2 Qxb4 22.axb4 Nd2 23.Rfa1 Nc4
24.Bc3 a6 25.Bf1 Kf8 26.Re1 Rab8 27.Kh2 b5 28.Rxa6 Rdc8 29.Rea1 Bc2 30.R6a2 Ba4
31.Bd3  1/2-1/2

[Event "17th Vienna Open A"]
[Site "Vienna AUT"]
[Date "2011.08.15"]
[Round "3"]
[White "Vyskocil,N"]
[Black "Khenkin,I"]
[Result "0-1"]
[WhiteElo "2297"]
[BlackElo "2620"]

1.Nf3 d5 2.g3 c6 3.Bg2 g6 4.O-O Bg7 5.d4 Nf6 6.Nbd2 O-O 7.Re1 Ne4 8.c3 f5
9.Ne5 Nd7 10.Nxd7 Bxd7 11.Nxe4 fxe4 12.f3 e5 13.fxe4 exd4 14.cxd4 dxe4 15.Be3 Qb6
16.Qd2 Rad8 17.Rad1 Bf5 18.Qc3 Rd5 19.g4 Bxg4 20.Bxe4 Rh5 21.Bf2 Rxf2 22.Kxf2 Rxh2+
23.Bg2 Bh3 24.Rg1 Qd8 25.Qb3+ Kh8 26.Qf3 Be6 27.Rh1 Qh4+ 28.Kg1 Bxd4+ 29.e3 Rxh1+
30.Bxh1 Bc5 31.Bg2 Bd5 32.Qf2 Qg5 33.Rd3 Kg7 34.b3 h5 35.Kf1 Bxg2+ 36.Qxg2 Qf5+
37.Ke2 h4 38.Qf3 Qe6 39.Rc3 Bd6 40.Rc4 h3 41.Re4 Be5 42.Rh4 h2 43.Qe4 Qd6
44.Rh3 Bc3 45.Qh4 Qd2+ 46.Kf3 Qd1+ 47.Kf4 Qf1+  0-1

[Event "26th Universiade Women"]
[Site "Shenzhen CHN"]
[Date "2011.08.16"]
[Round "4.11"]
[White "Stojanovic,Andj"]
[Black "Liu Yang"]
[Result "1-0"]
[WhiteElo "2293"]
[BlackElo "2089"]

1.Nf3 d5 2.g3 c5 3.Bg2 Nf6 4.O-O Nc6 5.d4 cxd4 6.Nxd4 e6 7.c4 Be7 8.Nc3 Nxd4
9.Qxd4 dxc4 10.Qxc4 O-O 11.Bf4 Qa5 12.Qb5 Qxb5 13.Nxb5 Ne8 14.Rac1 f6 15.Nc7 Nxc7
16.Rxc7 Bd8 17.Rxb7 Bxb7 18.Bxb7 Bb6 19.Bxa8 Rxa8 20.Rc1 Rd8 21.Rc2 Kf7 22.Kg2 Rd5
23.Bc7 Rb5 24.Bxb6 axb6 25.Rc7+ Kg6 26.b3 e5 27.e4 h5 28.h4 Rb4 29.Rc4 Rb5
30.Kf3 Kh6 31.Rc6 Rb4 32.Ke3 b5 33.Rd6 Kg6 34.Rd3  1-0

[Event "Botvinnik 100th Open"]
[Site "St Petersburg RUS"]
[Date "2011.08.16"]
[Round "5"]
[White "Zakharov,Y"]
[Black "Emdin,M"]
[Result "1/2-1/2"]
[WhiteElo "1878"]
[BlackElo "2068"]

1.Nf3 d5 2.g3 Nf6 3.Bg2 c6 4.O-O Bf5 5.d4 e6 6.b3 Nbd7 7.Bb2 Be7 8.Nbd2 O-O
9.c4 a5 10.a3 h6 11.Ne5 Qc7 12.Qc1 Rac8 13.Bc3 c5 14.Nxd7 Nxd7 15.e4 dxe4
16.Nxe4 a4 17.d5 exd5 18.cxd5 axb3 19.d6 Bxd6 20.Nxd6 Qxd6 21.Qb2 c4 22.Bxg7 Rfe8
23.Bxb7 Rb8 24.Bg2 Ne5 25.Rad1 Nd3 26.Qc3 Re2 27.Bh8 Qg6 28.Bd4 Rc2 29.Qa5 Re8
30.Qb5 Rf8 31.Bd5 Be6 32.Bg2 Bg4 33.Rxd3 cxd3 34.Qe5 f6 35.Bd5+ Kh8 36.Qd6 Qg7
37.Bxb3 Rcc8 38.Be3 Be2 39.Re1 Rcd8 40.Qb4 Rb8  1/2-1/2

[Event "Botvinnik 100th Open"]
[Site "St Petersburg RUS"]
[Date "2011.08.16"]
[Round "5"]
[White "Kuzubov,Y"]
[Black "Artemiev,V"]
[Result "1-0"]
[WhiteElo "2630"]
[BlackElo "2401"]

1.Nf3 d5 2.g3 c6 3.Bg2 Nf6 4.O-O Bg4 5.d4 Nbd7 6.Nbd2 e6 7.Re1 Be7 8.e4 dxe4
9.Nxe4 Nxe4 10.Rxe4 Bf5 11.Re1 O-O 12.c3 a5 13.a4 Qb6 14.Nd2 Bd3 15.Re3 Ba6
16.b3 Nf6 17.Re1 Nd5 18.Qc2 Rad8 19.Ne4 Rfe8 20.Bb2 Nf6 21.Rad1 h6 22.c4 Nxe4
23.Rxe4 Bf6 24.h4 Qc7 25.Bc1 b6 26.Bf4 Qd7 27.Bf3 Qc8 28.Qc1 Rd7 29.Be3 c5
30.d5 exd5 31.Rxe8+ Qxe8 32.Bxd5 Bb7 33.Bxb7 Rxb7 34.Rd5 Rd7 35.Qd1 Rxd5
36.Qxd5 Be5 37.Kg2 h5 38.Bg5 Bc7 39.Qb7 Bd8 40.Qa8 f6 41.Qd5+ Kh7 42.Bf4 Kg6
43.Qd3+ Kf7 44.Kf1 g6 45.Qd5+ Kg7 46.Kg2 Qe7 47.Kf3 g5 48.hxg5 fxg5 49.Be5+ Kh6
50.Qc6+ Kh7 51.Qe4+ Kh6 52.Qd5 Kh7 53.g4 Qf8+ 54.Kg3 h4+ 55.Kh3 Be7 56.f4 gxf4
57.Qe4+ Kh6 58.Qxf4+ Qxf4 59.Bxf4+ Bg5 60.Bc7 Bd2 61.Kxh4 Be1+ 62.Kh3 Kg5
63.Bxb6 Bb4 64.Kg3  1-0

[Event "SS Manhem GM"]
[Site "Gothenburg SWE"]
[Date "2011.08.17"]
[Round "5"]
[White "Carlhammar,M"]
[Black "Hammer,J"]
[Result "0-1"]
[WhiteElo "2318"]
[BlackElo "2610"]

1.Nf3 d5 2.g3 e6 3.Bg2 f5 4.O-O Nf6 5.c4 Be7 6.b3 O-O 7.d4 c6 8.Ba3 b6 9.Qc1 Bb7
10.Bxe7 Qxe7 11.Qa3 c5 12.Nc3 dxc4 13.bxc4 Nbd7 14.Rfd1 Rfc8 15.d5 exd5 16.cxd5 Ne8
17.Nd4 Qf6 18.Nc6 Nd6 19.Rab1 Ne5 20.Qb3 Kh8 21.Nxe5 Qxe5 22.a4 Ba6 23.e3 Bd3
24.Rbc1 c4 25.Qb4 Rc5 26.Bf1 Rac8 27.Bg2 Ne4 28.Nb5 a5 29.Qa3 Qxd5 30.Nd4 Re8
31.Bf1 Bxf1 32.Rxf1 c3 33.Rc2 Rc4 34.Qa2 Nd2 35.Rfc1 h6 36.Ra1 f4 37.Rxc3 Rxd4
38.exd4 Re1+ 39.Rxe1 Qxa2 40.Re8+  0-1

[Event "Manhattan Open"]
[Site "New York USA"]
[Date "2011.08.17"]
[Round "1"]
[White "Frumkin,E"]
[Black "Bonin,J"]
[Result "1/2-1/2"]
[WhiteElo "1958"]
[BlackElo "2323"]

1.g3 d5 2.Nf3 Nf6 3.c4 e6 4.Bg2 Be7 5.O-O O-O 6.b3 a5 7.Bb2 a4 8.d4 axb3
9.axb3 Rxa1 10.Bxa1 Nc6 11.e3 b6 12.Nbd2 Bb7 13.Bc3 Qd6 14.Ne5 Ra8 15.f4 Ra2
16.g4 dxc4 17.bxc4 Qa3 18.Bxc6 Qxc3 19.Bxb7 Qxe3+ 20.Rf2 Bb4 21.Kf1 Qxd4
22.Nc6 Qxf2+ 23.Kxf2 Rxd2+ 24.Qxd2 Bxd2 25.Kf3 Nd7 26.Nd4 e5 27.Bc8 exd4
28.Bxd7 Kf8 29.Ke4 Ke7 30.Ba4 Kd6 31.Be8 f6 32.f5 Kc5 33.Bf7 Be3 34.h4 c6
35.h5 b5 36.cxb5 cxb5 37.Kd3 Kb4 38.Be8 Kc5 39.Bf7 Bf4 40.Be8 Be5 41.Bd7 Bb8
42.Be8 Ba7 43.Bd7 b4 44.Be6 Kd6 45.Ke4 Ke7 46.Bb3  1/2-1/2

[Event "Botvinnik 100th Open"]
[Site "St Petersburg RUS"]
[Date "2011.08.17"]
[Round "6"]
[White "Payen,Ar"]
[Black "Palachev,P"]
[Result "1/2-1/2"]
[WhiteElo "2339"]
[BlackElo "2207"]

1.Nf3 d5 2.g3 c6 3.Bg2 Bg4 4.d4 Nd7 5.O-O e6 6.Nbd2 Ngf6 7.Re1 Be7 8.e4 dxe4
9.Nxe4 Nxe4 10.Rxe4 Nf6 11.Re1 O-O 12.c3 Qb6 13.h3 Bxf3 14.Bxf3 Rfd8 15.Qc2 Nd5
16.h4 Rac8 17.Be4 Nf6 18.Bf3 Nd5 19.Bg5 Nf6 20.Rad1 h6 21.Bc1 Bd6 22.Kg2 Qc7
23.a3 b6 24.Qe2 a5 25.a4 Nd5 26.Be4 Nf6 27.Bf3 Nd5 28.Be4 Nf6 29.Bf3 Nd5
30.Be4  1/2-1/2

[Event "17th Vienna Open A"]
[Site "Vienna AUT"]
[Date "2011.08.17"]
[Round "5"]
[White "Diermair,A"]
[Black "Bykov,Alexe1"]
[Result "1/2-1/2"]
[WhiteElo "2432"]
[BlackElo "2278"]

1.Nf3 d5 2.g3 Bg4 3.Bg2 Nd7 4.c4 e6 5.cxd5 exd5 6.O-O Ngf6 7.Nc3 Bd6 8.h3 Bxf3
9.Bxf3 c6 10.d3 O-O 11.e4 dxe4 12.dxe4 Ne5 13.Be2 Bc5 14.Kg2 Qxd1 15.Rxd1 Rfd8
16.Bg5 h6 17.Bxf6 gxf6 18.f4 Ng6 19.Kf3 Kf8 20.Bc4 b5 21.Bb3 Bd4 22.Rac1 Ne7
23.Rc2 Bb6 24.Rcd2 Rxd2 25.Rxd2 Rd8 26.Rxd8+ Bxd8 27.a4  1/2-1/2

[Event "Botvinnik 100th Open"]
[Site "St Petersburg RUS"]
[Date "2011.08.18"]
[Round "7"]
[White "Kabanov,N"]
[Black "Donskov,Ana"]
[Result "1-0"]
[WhiteElo "2520"]
[BlackElo "2267"]

1.Nf3 d5 2.g3 c5 3.Bg2 Nc6 4.d4 e6 5.O-O Qb6 6.c4 cxd4 7.cxd5 exd5 8.Nbd2 Nf6
9.Nb3 Be7 10.Nbxd4 O-O 11.b3 Bg4 12.Bb2 Rac8 13.Nxc6 bxc6 14.Rc1 Rfe8 15.Qc2 Ne4
16.e3 Bb4 17.Rfd1 a5 18.Rd4 Be6 19.Ne5 Bf8 20.Bxe4 dxe4 21.Nd7 Bxd7 22.Rxd7 Re6
23.Rcd1 Rce8 24.Qc4 Qb4 25.Qa6 c5 26.Qb7 c4 27.bxc4 Qxc4 28.Rxf7 R6e7 29.Rxe7 Rxe7
30.Qd5+ Qxd5 31.Rxd5 Rb7 32.Bd4 a4 33.Ra5 a3 34.Bc5 Bxc5 35.Rxc5 Rb2 36.Rc4 Rxa2
37.Rxe4 Rb2 38.Ra4 a2 39.Kg2 Kf7 40.Ra6 Ke7 41.e4  1-0

[Event "Botvinnik 100th Open"]
[Site "St Petersburg RUS"]
[Date "2011.08.18"]
[Round "7"]
[White "Filin,Evgeny"]
[Black "Boychuk,E"]
[Result "0-1"]
[WhiteElo "1705"]
[BlackElo "1889"]

1.Nf3 d5 2.g3 Nf6 3.Bg2 Bf5 4.d3 e6 5.Nbd2 Bc5 6.d4 Bd6 7.c3 c5 8.O-O Nc6
9.Nh4 Bg6 10.Nxg6 hxg6 11.e3 Qc7 12.f4 O-O-O 13.e4 dxe4 14.Nxe4 Nxe4 15.Bxe4 cxd4
16.cxd4 Bc5 17.Qe1 Bxd4+ 18.Be3 Qb6 19.Rf3 Qxb2 20.Rf2 Qxa1 21.Qxa1 Bxa1
22.Rc2 Bd4  0-1

[Event "Botvinnik Mem Senior"]
[Site "Suzdal RUS"]
[Date "2011.08.18"]
[Round "7"]
[White "Vasiukov,E"]
[Black "Bykhovsky,An RUS"]
[Result "1-0"]
[WhiteElo "2455"]
[BlackElo "2354"]

1.Nf3 d5 2.g3 Nf6 3.Bg2 c6 4.d3 Bf5 5.O-O e6 6.Nbd2 Be7 7.Qe1 h6 8.e4 dxe4
9.dxe4 Bh7 10.Qe2 Nbd7 11.Rd1 O-O 12.e5 Nd5 13.c4 Nb4 14.Ne4 a5 15.Bf4 Bxe4
16.Qxe4 Nc5 17.Qe2 Qb6 18.Be3 Rfd8 19.Nd4 a4 20.f4 Qc7 21.Bf2 Rd7 22.f5 Bf8
23.fxe6 fxe6 24.Bh3 Re8 25.a3 Nba6 26.Rf1 g6 27.Rad1 Bg7 28.Rfe1 Qd8 29.Qc2 Kh7
30.Bg4 Qg5 31.h3 h5 32.Nf3 Qh6 33.Be3 hxg4 34.Bxh6 gxf3 35.Rxd7 Nxd7 36.Bxg7 Kxg7
37.Qc3  1-0

[Event "10th Lichtenberger Sommer"]
[Site "Berlin GER"]
[Date "2011.08.19"]
[Round "7.56"]
[White "Casny,G"]
[Black "Grassi,F"]
[Result "1/2-1/2"]
[WhiteElo "1865"]
[BlackElo "1960"]

1.Nf3 d5 2.g3 Bf5 3.Bg2 e6 4.O-O Be7 5.d3 Nd7 6.Nbd2 Ngf6 7.b3 h6 8.Bb2 c6
9.Re1 O-O 10.Rb1 Bh7 11.e4 dxe4 12.Nxe4 Nd5 13.Ne5 N7f6 14.a3 Qc7 15.c4 Nb6
16.Qc2 Rad8 17.Rbd1 Nfd7 18.f4 f6 19.Nxd7 Nxd7 20.b4 e5 21.Nf2 Rde8 22.Bc1 exf4
23.Bxf4 Bd6 24.Nh3 Rxe1+ 25.Rxe1 Be5 26.Qd2 Rd8 27.d4 Nf8 28.d5 cxd5 29.Bxd5+ Kh8
30.Bxe5 fxe5 31.Qe3 Qd7 32.Nf2 b5 33.Qxe5 bxc4 34.Bxc4 Qc6 35.Bf1 Qb6 36.Qc5 Qxc5
37.bxc5 Rc8 38.Rc1 Rc7 39.Bg2 Ne6 40.c6 Nd4 41.Rc4 Nf5 42.Rb4 Nd6 43.Rd4 Ne8
44.Rd7 Bf5 45.Rd5 g6 46.Rb5 Nd6 47.Rb8+ Kg7 48.g4 Be6 49.h3 Kf6 50.Ne4+ Ke5
51.Nxd6 Kxd6 52.Be4 h5 53.gxh5 gxh5 54.Kg2 Kc5 55.Rb7 Kd6 56.Kg3 Bc8 57.Rxc7 Kxc7
58.Bg6 Kxc6 59.Bxh5 Kc5 60.Bf7 Kd6 61.h4 Ke7 62.Bc4 Kf6 63.Kf4 Bf5 64.h5 Bc2
65.Bb5 Bd1 66.Be8 Bc2 67.Ke3 Kg5 68.Kd4 Bd1 69.Kc5 a6 70.Kd6 Kh6 71.Bg6 Be2
72.a4 Bd1 73.Be8 Bxa4  1/2-1/2

[Event "Malaysian Open"]
[Site "Kuala Lumpur MAS"]
[Date "2011.08.19"]
[Round "3.5"]
[White "Dimakiling,O"]
[Black "Dao Thien Hai"]
[Result "1-0"]
[WhiteElo "2414"]
[BlackElo "2492"]

1.Nf3 d5 2.g3 c6 3.Bg2 Bg4 4.h3 Bh5 5.O-O Nd7 6.d3 e6 7.Nbd2 Bc5 8.Rb1 a5
9.e3 Ne7 10.b3 O-O 11.Bb2 f6 12.a3 Bd6 13.Qe2 Bf7 14.e4 e5 15.d4 exd4 16.Nxd4 Re8
17.c4 dxc4 18.Nxc4 Bc5 19.Rbd1 b5 20.Ne3 Qc7 21.Qc2 Rac8 22.h4 Bxd4 23.Rxd4 c5
24.Rd2 Nb6 25.Rc1 c4 26.Bh3 Rcd8 27.Bf1 Qb8 28.bxc4 Rc8 29.c5 Na4 30.Bd4 Nc6
31.Qd3 b4 32.Nf5 Ne5 33.Qe3 Re6 34.Rb1 Rd8 35.axb4 axb4 36.Bxe5 Rxe5 37.Rxb4  1-0

[Event "27th Faaker See Open"]
[Site "Latschach AUT"]
[Date "2011.08.19"]
[Round "8"]
[White "Kern,G"]
[Black "Privitera,F"]
[Result "1-0"]
[WhiteElo "2363"]
[BlackElo "2083"]

1.Nf3 d5 2.g3 Nf6 3.Bg2 c6 4.c4 g6 5.b3 Bg7 6.Bb2 O-O 7.O-O Bg4 8.d3 Qc8
9.Nbd2 Bh3 10.Rc1 Bxg2 11.Kxg2 Nbd7 12.b4 dxc4 13.Nxc4 Nd5 14.Bxg7 Kxg7 15.Qb3 Qd8
16.Qb2+ Kg8 17.Rfd1 Nc7 18.a4 Nf6 19.Nfe5 Ne6 20.d4 Ne4 21.f3 Nd6 22.e4 Nc7
23.Na5 Rb8 24.Qb3 Kg7 25.Qc3 Qe8 26.b5 f6 27.Nec4 Ndxb5 28.axb5 Nxb5 29.Qb2 e6
30.Ne3 a6 31.Nac4 Rf7 32.e5 Qf8 33.exf6+ Rxf6 34.Ne5 Rd8 35.N3g4 Rf5 36.d5 Kg8
37.dxe6 Re8 38.Nf7  1-0

[Event "XLV Mislata Open A"]
[Site "Mislata ESP"]
[Date "2011.08.19"]
[Round "7"]
[White "Gimeno Martos,R"]
[Black "Cruz Lledo,P"]
[Result "0-1"]
[WhiteElo "2144"]
[BlackElo "2269"]

1.Nf3 d5 2.g3 c5 3.Bg2 Nc6 4.d3 e5 5.Nbd2 f6 6.e4 Nge7 7.O-O Be6 8.c3 d4
9.c4 g5 10.h4 h6 11.Nh2 Qd7 12.Qh5+ Bf7 13.Qf3 Bg7 14.h5 O-O 15.g4 Nd8 16.Re1 Ne6
17.Ndf1 b5 18.b3 a5 19.cxb5 a4 20.bxa4 Rxa4 21.Ng3 Nf4 22.Bxf4 gxf4 23.Nf5 Rb8
24.Qd1 Ra3 25.Re2 Rxb5 26.Nf3 Nc6 27.N3h4 Nb4 28.Rd2 Nxa2 29.Kh2 Bf8 30.Ng6 Bb3
31.Qf3 c4 32.Nxf8 Kxf8 33.dxc4 Rba5 34.Rd3 Nc3 35.Rxa3 Rxa3 36.Nxd4 exd4
37.Qxf4 Ra6 38.Qb8+ Kg7 39.Qxb3 Qc7+ 40.Kh3 Ne2 41.Qd1 Nf4+ 42.Kh4 Nxg2+  0-1

[Event "26th Universiade Men"]
[Site "Shenzhen CHN"]
[Date "2011.08.19"]
[Round "7"]
[White "Gaehler,M"]
[Black "Swinkels,R"]
[Result "1/2-1/2"]
[WhiteElo "2320"]
[BlackElo "2483"]

1.g3 d5 2.Nf3 g6 3.c4 Nf6 4.cxd5 Nxd5 5.Bg2 Bg7 6.O-O Nb6 7.d3 Nc6 8.a3 O-O
9.Qc2 Bg4 10.Nbd2 Qc8 11.Re1 a5 12.Rb1 a4 13.b4 axb3 14.Nxb3 Na4 15.d4 Qf5
16.e4 Qh5 17.Qd3 Rfd8 18.Qe3 e6 19.Ng5 Nxd4 20.Nxd4 Bxd4 21.Qf4 f6 22.h3 fxg5
23.Qxg4 Qxg4 24.hxg4 Rf8 25.Be3 Bxe3 26.Rxe3 b6 27.e5 Rad8 28.Bc6 Nc5 29.Rb2 Rd4
30.Ra2 Rxg4 31.a4 Rb4 32.Rc3 Rb1+ 33.Kg2 Nb3 34.Bd7 Nc5 35.Bc6 Nb3 36.Bd7 Nc5  1/2-1/2

[Event "26th Universiade Women"]
[Site "Shenzhen CHN"]
[Date "2011.08.19"]
[Round "8"]
[White "Stojanovic,Andj"]
[Black "Cheremnova,T"]
[Result "1-0"]
[WhiteElo "2293"]
[BlackElo "2213"]

1.Nf3 d5 2.g3 c6 3.Bg2 Nf6 4.O-O Bg4 5.d3 Nbd7 6.c4 Bxf3 7.exf3 e6 8.Nc3 Be7
9.f4 g6 10.cxd5 cxd5 11.f5 gxf5 12.Bh6 Ng4 13.Bg7 Rg8 14.Bd4 Kf8 15.h3 Ngf6
16.Re1 Bc5 17.Bxc5+ Nxc5 18.Rc1 Rc8 19.Qd2 Kg7 20.Nb5 Nfd7 21.Nd6 Rb8 22.Rxc5 Nxc5
23.Qc3+ Qf6 24.Qxc5 Qxb2 25.Qc7 Qf6 26.Bf3 Kg6 27.Nxf7 Rbe8 28.Ne5+ Kh6 29.Qxb7 Re7
30.Qb4 Kg7 31.Nc6 Ree8 32.Qf4 Qc3 33.Rc1 Qf6 34.Ne5 Rc8 35.Rb1 Rb8 36.Re1 Rb7
37.Rc1 Re8 38.Rc6 Rb1+ 39.Kg2 Rb5 40.a4 Rb1 41.Bxd5 Re1 42.Nf3 Rd1 43.Rc7+ Kh8
44.Bc4 h6 45.Qe5 Qxe5 46.Nxe5 Rb8 47.Bxe6  1-0

[Event "Stare Mesto FIDE Open"]
[Site "Stare Mesto CZE"]
[Date "2011.08.19"]
[Round "9"]
[White "Plat,V"]
[Black "Dmitrenko,V"]
[Result "0-1"]
[WhiteElo "2410"]
[BlackElo "2353"]

1.Nf3 d5 2.g3 Nf6 3.Bg2 g6 4.c4 Bg7 5.cxd5 Nxd5 6.O-O e5 7.Nc3 Ne7 8.d3 O-O
9.Ne1 Nbc6 10.Nc2 a5 11.Rb1 Be6 12.b3 Qc8 13.Ne4 Bh3 14.Bxh3 Qxh3 15.f4 exf4
16.Rxf4 Nd5 17.Rf1 Qd7 18.Bd2 f5 19.Ng5 Nc3 20.Bxc3 Bxc3 21.Nf3 Rfe8 22.e3 Nb4
23.Nxb4 axb4 24.Qe2 Ra6 25.d4 Qd5 26.Rf2 Rae6 27.Ne5 c5 28.Qf3 Qxf3 29.Nxf3 b6
30.dxc5 bxc5 31.Rd1 Rxe3 32.Rd5 Rc8 33.Rd7 Bf6 34.Kg2 Re7 35.Rxe7 Bxe7 36.Ne5 Bf6
37.Nc4 Re8 38.Kf3 Bd4 39.Re2 Rxe2 40.Kxe2 Kf7 41.Kf3 Ke6 42.h3 h5 43.h4 Bf6
44.a4 bxa3 45.Nxa3 Kd5 46.Nc2 Be5 47.b4 c4 48.b5 Kc5 49.Na3 Kb4  0-1

[Event "26th Teteven Open"]
[Site "Teteven BUL"]
[Date "2011.08.19"]
[Round "7.13"]
[White "Ninov,D"]
[Black "Dereshki,D"]
[Result "1-0"]
[WhiteElo "2094"]
[BlackElo "1927"]

1.Nf3 d5 2.g3 Nf6 3.Bg2 c5 4.O-O Nc6 5.d4 cxd4 6.Nxd4 e5 7.Nxc6 bxc6 8.c4 Be6
9.Qa4 Qd7 10.Nc3 Rc8 11.cxd5 Nxd5 12.Nxd5 cxd5 13.Qxd7+ Kxd7 14.Rd1 Rc5 15.b4 Rb5
16.a4 Rxb4 17.Bxd5 Rd4 18.Rxd4 exd4 19.Be4 Bb4 20.Bf4 f6 21.Rd1 Bc3 22.Rb1 Bc4
23.Rb7+ Ke6 24.Kf1 g5 25.Bc1 a5 26.g4 Bd5 27.Bf5+ Kd6 28.Rb6+ Kc7 29.Ra6 Bb3
30.Bd3 Rf8 31.Bb5 Rf7 32.e3 Bd5 33.Ra7+ Bb7 34.Ba6 Kb6 35.Rxb7+ Rxb7 36.Bxb7 Kxb7
37.Ke2 dxe3 38.Bxe3 Kc6 39.Kd3 Be5 40.h3 Kd5 41.Bb6 Bd6 42.Bxa5 Bc5 43.f3 h5
44.Bc3  1-0

[Event "5th Zupanja Open"]
[Site "Zupanja CRO"]
[Date "2011.08.19"]
[Round "5.13"]
[White "Pandurevic,M"]
[Black "Filipovic,Iv"]
[Result "1-0"]
[WhiteElo "2291"]
[BlackElo "2048"]

1.Nf3 d5 2.g3 Nf6 3.Bg2 g6 4.O-O Bg7 5.d3 O-O 6.Nbd2 Nbd7 7.c4 c6 8.Rb1 e5
9.Qc2 Re8 10.Ne1 Nf8 11.b4 e4 12.cxd5 cxd5 13.Nb3 Bf5 14.Nd4 Bd7 15.Qb3 a5
16.b5 Qb6 17.Nec2 Ne6 18.Nxe6 Bxe6 19.Qa4 exd3 20.exd3 Bf5 21.Rd1 Bg4 22.Be3 Qd6
23.Re1 Rac8 24.Nd4 Rc3 25.Rb3 Rxb3 26.Qxb3 Rc8 27.Qa4 Qb4 28.Qxb4 axb4 29.Rb1 Rc3
30.h3 Bd7 31.Rxb4 Rxd3 32.Ra4 h6 33.Ra8+ Kh7 34.Rb8 Ne4 35.Rxb7 Be6 36.Nxe6 fxe6
37.Bxe4 dxe4 38.a4  1-0

[Event "86th ch-FRA"]
[Site "Caen FRA"]
[Date "2011.08.20"]
[Round "7"]
[White "Bricard,E"]
[Black "Bacrot,E"]
[Result "1/2-1/2"]
[WhiteElo "2502"]
[BlackElo "2710"]

1.Nf3 d5 2.g3 Nf6 3.Bg2 c6 4.O-O Bg4 5.d3 e6 6.h3 Bxf3 7.Bxf3 Nbd7 8.Bg2 Bd6
9.e4 Qc7 10.Qe2 dxe4 11.dxe4 h5 12.f4 e5 13.f5 Bc5+ 14.Kh1 O-O-O 15.Nd2 Rdg8
16.Nf3 h4 17.g4 Nxg4 18.hxg4 h3 19.Bxh3 Rxh3+ 20.Kg2 Rgh8 21.Bg5 Qb6 22.b3 Qa5
23.a4 Qc3 24.Rh1 Rxh1 25.Rxh1 Rxh1 26.Kxh1 f6  1/2-1/2